000 00811nam a22002177a 4500
999 _c15156
_d15156
003 OSt
082 _2631.587 HAR/EV
088 _aP 283
100 _aHARIPRIYA P. R
_93711
245 _aEvaluation of aquifer parameters from drawdown and pumping out data in open wells
260 _aTavanur 2014
_bDepartment of Irrigation and Drainage Engineering
300 _a85
500 _aEvaluation of aquifer parameters from drawdown and pumping out data in open wells
520 _aEvaluation of aquifer parameters from drawdown and pumping out data in open wells
700 _aNeetha Shaju
_93599
700 _aSandeep Soman
_93712
700 _aYuvraj Siddharth
_93713
700 _aDr. K. V Levan (Guide)
_93464
856 _uhttps://drive.google.com/open?id=14EvwVyZ_RJ2kBbE2II5HwohBrmFFavZW
942 _cPR